[Event "Budapest Spring Open 2017"]
[Site "masterchessopen.com Budapest HUN"]
[Date "2017.03.18"]
[Round "1.1"]
[White "Kovalenko,I"]
[Black "Stocko,J"]
[Result "1-0"]
[WhiteElo "2672"]
[BlackElo "2334"]
[EventType "swiss"]

1.e4 c5 2.Nf3 d6 3.d4 cxd4 4.Nxd4 Nf6 5.f3 a6 6.c4 e6 7.Nc3 Be7 8.Be3 Qc7
9.Be2 O-O 10.O-O Nbd7 11.Qd2 b6 12.Rfc1 Bb7 13.a4 Rfc8 14.a5 Qb8 15.axb6 Bd8
16.Na4 Bc6 17.Nxc6 Rxc6 18.e5 Nxe5 19.b4 d5 20.c5 Qb7 21.Nb2 Rcc8 22.Ra4 h5
23.Rca1 h4 24.h3 {#r} 1-0

[Event "Budapest Spring Open 2017"]
[Site "masterchessopen.com Budapest HUN"]
[Date "2017.03.18"]
[Round "1.2"]
[White "Orosz,Andras"]
[Black "Nabaty,T"]
[Result "0-1"]
[WhiteElo "2325"]
[BlackElo "2649"]
[EventType "swiss"]

1.d4 d5 2.c4 e6 3.Nc3 Nf6 4.cxd5 exd5 5.Bg5 c6 6.e3 h6 7.Bh4 Be6 8.Bd3 Nbd7
9.Qc2 g5 10.Bg3 Nh5 11.Nge2 Nxg3 12.Nxg3 h5 13.O-O-O Qf6 14.Kb1 Bb4 15.e4 Bxc3
16.bxc3 O-O-O 17.e5 Qe7 18.Nf5 Bxf5 19.Bxf5 Kb8 20.Bxd7 Rxd7 21.h4 gxh4 22.f4
c5 23.f5 cxd4 24.cxd4 Rc7 25.Qb3 Rc4 26.f6 Qe6 27.Ka1 Rg8 28.Rxh4 Rxg2 29.Qh3
Qc6 30.Qa3 Qc8 31.Rxh5 Ra4 32.Qb3 Raxa2+ 33.Kb1 Ra3 {#R} 0-1

[Event "Budapest Spring Open 2017"]
[Site "masterchessopen.com Budapest HUN"]
[Date "2017.03.18"]
[Round "1.3"]
[White "Berkes,F"]
[Black "Szamoskozi,G"]
[Result "1-0"]
[WhiteElo "2648"]
[BlackElo "2322"]
[EventType "swiss"]

1.d4 Nf6 2.c4 g6 3.Nc3 Bg7 4.e4 d6 5.Bd3 O-O 6.Nge2 e5 7.d5 Ne8 8.O-O Nd7
9.Be3 Nc5 10.Bc2 a5 11.a3 f5 12.exf5 Bxf5 13.Ng3 Qh4 14.b3 b6 15.f3 Bh6 16.Bf2
Bf4 17.Nce2 Bxc2 18.Qxc2 Ng7 19.b4 axb4 20.axb4 Nd7 21.h3 Bxg3 22.Nxg3 Nh5
23.Ne4 Qe7 24.c5 bxc5 25.bxc5 dxc5 26.Nxc5 Nf4 27.Ne4 Rxa1 28.Rxa1 Nxd5 29.Qc6
Nf4 30.Qxc7 Ne6 31.Qc4 Rf7 32.Ra7 Kg7 33.Kh1 h6 34.Be3 Nef8 35.Qc1 g5 36.Qc6
Qb4 37.Ra6 Qe1+ 38.Bg1 Qh4 39.Nd6 Nb8 40.Qd5 Qf4 41.Ra4 {#r} 1-0

[Event "Budapest Spring Open 2017"]
[Site "masterchessopen.com Budapest HUN"]
[Date "2017.03.18"]
[Round "1.4"]
[White "Farkas,R"]
[Black "Savchenko,B"]
[Result "0-1"]
[WhiteElo "2319"]
[BlackElo "2613"]
[EventType "swiss"]

1.e4 c5 2.Nf3 g6 3.d4 cxd4 4.Nxd4 Nc6 5.c4 d6 6.Nc3 Bg7 7.Be3 Qb6 8.Nb3 Bxc3+
9.bxc3 Qc7 10.c5 dxc5 11.Nxc5 Nf6 12.f3 Nh5 13.Bb5 O-O 14.Qa4 Ne5 15.Rc1 g5
16.O-O Nf4 17.g3 Nfg6 18.Nb3 h6 19.Nd4 Bh3 20.Rfd1 Kh7 21.Be2 Rg8 22.Kf2 Qb6
23.Nf5 Qf6 24.g4 Nf4 25.Qb5 Nxe2 26.Kxe2 Nxg4 27.fxg4 Bxg4+ 28.Ke1 Bxd1
29.Kxd1 b6 30.Bd4 Qe6 31.Qb3 Rad8 32.Qc2 Rd7 33.Ke2 Rc8 34.e5 Kg8 35.Ke3 Kf8
36.Rf1 Rd5 37.Qb3 Rcc5 38.Ng3 Ra5 39.Rf2 f6 40.Qc2 Rxd4 41.Kxd4 Rxe5 42.Ne4
Qd5+ 43.Ke3 f5 44.Rxf5+ Rxf5 45.c4 Qe5 {#R} 0-1

[Event "Budapest Spring Open 2017"]
[Site "masterchessopen.com Budapest HUN"]
[Date "2017.03.18"]
[Round "1.5"]
[White "Onischuk,V"]
[Black "Gadimbayli,Abdulla"]
[Result "1-0"]
[WhiteElo "2601"]
[BlackElo "2315"]
[EventType "swiss"]

1.e4 e5 2.Nf3 Nf6 3.Nxe5 d6 4.Nf3 Nxe4 5.Qe2 Qe7 6.d3 Nf6 7.Bg5 Qxe2+ 8.Bxe2
Be7 9.Nc3 h6 10.Bd2 c6 11.O-O-O Nbd7 12.Nd4 Nb6 13.f4 O-O 14.h3 Nfd5 15.Nxd5
Nxd5 16.Bf3 Bf6 17.Nb5 cxb5 18.Bxd5 Be6 19.Bxb7 Rab8 20.Be4 b4 21.Kb1 Rb5
22.g4 Rc8 23.d4 Bxd4 24.f5 Bd7 25.Bxh6 Be5 26.Bc1 a5 27.b3 Bc6 28.Rhe1 Bxe4
29.Rxe4 Rbc5 30.Rd2 f6 31.Bb2 d5 32.Ree2 Bc3 33.Bxc3 Rxc3 34.Rxd5 Rxh3 35.Rxa5
Rg3 36.Kb2 Rxg4 37.a3 bxa3+ 38.Kxa3 Rg3 39.Kb2 Rf3 40.Rd5 Kf8 41.Red2 Rc7
42.c4 Re7 43.R2d3 Rf2+ 44.Kc3 g5 45.fxg6 Kg7 46.Rd7 {#r} 1-0

[Event "Budapest Spring Open 2017"]
[Site "masterchessopen.com Budapest HUN"]
[Date "2017.03.18"]
[Round "1.8"]
[White "Krstulovic,Alex"]
[Black "Antipov,M2"]
[Result "0-1"]
[WhiteElo "2309"]
[BlackElo "2581"]
[EventType "swiss"]

1.d4 Nf6 2.c4 e6 3.Nf3 Bb4+ 4.Bd2 a5 5.g3 b6 6.Bg2 Bb7 7.O-O O-O 8.Qc2 Be4
9.Qb3 Nc6 10.Bxb4 axb4 11.Nbd2 d5 12.Rfc1 Qd6 13.e3 Na5 14.Qd1 Nxc4 15.Nxc4
dxc4 16.Rxc4 Qd5 17.Rxc7 b3 18.a3 Rac8 19.Rac1 Bc2 20.R1xc2 bxc2 21.Qxc2 Qd7
22.Rc3 Rxc3 23.bxc3 Qa7 24.Qb3 Ra8 25.Nd2 Rc8 26.c4 e5 27.dxe5 Nd7 28.f4 Nc5
29.Qc3 Qa4 30.Bd5 b5 31.cxb5 Qd1+ 32.Kg2 Rd8 33.Bxf7+ Kxf7 34.Qc4+ Ne6 35.Ne4
Qd5 36.Qxd5 Rxd5 37.a4 Ke7 38.Nd6 Rd2+ 39.Kf3 Ra2 40.Ke4 Nc5+ 41.Kd5 Nxa4
42.Nf5+ Kf8 43.e6 Rd2+ {#R} 0-1

[Event "Budapest Spring Open 2017"]
[Site "masterchessopen.com Budapest HUN"]
[Date "2017.03.18"]
[Round "1.9"]
[White "Indjic,A"]
[Black "Horton,Andrew P"]
[Result "1-0"]
[WhiteElo "2569"]
[BlackElo "2295"]
[EventType "swiss"]

1.d4 Nf6 2.c4 e6 3.Nc3 Bb4 4.Nf3 b6 5.Bg5 h6 6.Bh4 Bb7 7.Nd2 c5 8.a3 Bxc3
9.bxc3 d6 10.e3 Nc6 11.Bd3 e5 12.d5 Na5 13.O-O Qe7 14.f4 exf4 15.Qa4+ Qd7
16.Qxd7+ Nxd7 17.exf4 O-O 18.Ne4 b5 19.cxb5 c4 20.Bc2 Nb6 21.Nxd6 Bxd5 22.Rad1
f6 23.Bf2 Be6 24.f5 Bd7 25.Rfe1 Rfd8 26.Re7 Kf8 27.Rde1 Nd5 28.Rf7+ Kg8 29.Be4
Bxf5 30.Bxd5 Rxd6 31.Rxa7+ {#r} 1-0

[Event "Budapest Spring Open 2017"]
[Site "masterchessopen.com Budapest HUN"]
[Date "2017.03.18"]
[Round "1.10"]
[White "Esenov,An"]
[Black "Grigoriants,S RUS"]
[Result "0-1"]
[WhiteElo "2291"]
[BlackElo "2566"]
[EventType "swiss"]

1.e4 c5 2.f4 e6 3.Nf3 d5 4.exd5 exd5 5.Bb5+ Bd7 6.Bxd7+ Nxd7 7.O-O Bd6 8.Ng5
Ndf6 9.b3 h6 10.Nh3 Ne7 11.Bb2 d4 12.Qf3 Qd7 13.Na3 O-O 14.Nc4 Nc6 15.a4 Bc7
16.Nf2 Rae8 17.Nd3 b6 18.c3 Re4 19.Rae1 Rfe8 20.Rxe4 Nxe4 21.Re1 f5 22.Nde5
Bxe5 23.fxe5 dxc3 24.Bxc3 Nd4 25.Qd1 Re6 26.Bb2 Rg6 27.d3 Ng5 28.Bxd4 Qxd4+
29.Kf1 Qf4+ 30.Ke2 Nh3 31.Qa1 Rxg2+ 32.Kd1 Nf2+ 33.Kc2 Nxd3+ 34.Kxd3 Qf3+
35.Ne3 Qe4+ {#R} 0-1

[Event "Budapest Spring Open 2017"]
[Site "masterchessopen.com Budapest HUN"]
[Date "2017.03.18"]
[Round "1.11"]
[White "Timofeev,Arty"]
[Black "Farago,S"]
[Result "1-0"]
[WhiteElo "2564"]
[BlackElo "2289"]
[EventType "swiss"]

1.e4 c5 2.Nf3 Nc6 3.Bb5 Qb6 4.Nc3 e6 5.Bxc6 Qxc6 6.d4 cxd4 7.Qxd4 d6 8.Bg5 f6
9.Be3 Ne7 10.Qd3 a6 11.Nd4 Qd7 12.O-O-O b5 13.Kb1 b4 14.Nce2 e5 15.Nb3 Nc6
16.Ng3 g6 17.h4 h5 18.Nd2 Qf7 19.Nc4 Be6 20.Nxd6+ Bxd6 21.Qxd6 Rc8 22.b3 a5
23.f4 exf4 24.Bxf4 Qe7 25.Rhf1 Qxd6 26.Bxd6 Kf7 27.e5 f5 28.Ne4 Kg7 29.Ng5
Rhe8 30.Bc5 f4 31.Nxe6+ Rxe6 32.Rd5 Kg8 33.Bd6 Rce8 34.Bc7 Nxe5 35.Rxa5 Nc6
36.Rc5 Re1+ 37.Rxe1 Rxe1+ 38.Kb2 Nd4 39.Bxf4 Re2 40.Rc4 Ne6 41.g3 Rg2 42.Rxb4
g5 43.hxg5 Rf2 44.Bd6 Nxg5 45.a4 Ne6 46.a5 Rd2 47.a6 {#r} 1-0

[Event "Budapest Spring Open 2017"]
[Site "masterchessopen.com Budapest HUN"]
[Date "2017.03.18"]
[Round "1.12"]
[White "Martynov,Roman"]
[Black "Can,E"]
[Result "0-1"]
[WhiteElo "2288"]
[BlackElo "2561"]
[EventType "swiss"]

1.d4 d6 2.Nf3 g6 3.g3 Bg7 4.c4 Nf6 5.Bg2 O-O 6.Nc3 Nc6 7.O-O e5 8.d5 Nb8 9.e4
a5 10.h3 Na6 11.Be3 Nd7 12.Kh2 Nac5 13.Nd2 f5 14.exf5 gxf5 15.f4 e4 16.Qc2 Nd3
17.Rab1 N7c5 18.Nb3 Nxb3 19.axb3 Kh8 20.Rg1 Bd7 21.Bf1 Nc5 22.Be2 Qe7 23.Ra1
Rg8 24.Ra3 Bf6 25.Nd1 b6 26.Bd2 Raf8 27.Ne3 Rg6 28.b4 axb4 29.Bxb4 Qg7 30.Bc3
Bxc3 31.Qxc3 Qxc3 32.bxc3 Kg7 33.Ra7 Rc8 34.g4 h6 35.Kg3 Kf6 36.Kf2 Rgg8
37.Rd1 Ke7 38.gxf5 Kf6 39.Ng4+ Kxf5 40.Ke3 Rg6 41.Rg1 h5 42.Rg2 hxg4 43.hxg4+
Kf6 44.g5+ Ke7 45.Rh2 Rg7 46.Rh6 Bf5 47.Rf6 Rf7 48.Rh6 Nd7 49.Bh5 Rg7 50.Kd4
Rgg8 51.Be2 Kf7 52.Bd1 Kg7 53.Bc2 Rge8 54.Bb1 Re7 55.Bc2 Ree8 56.Bb1 Bg6
57.Bc2 Nc5 58.Ke3 Rh8 59.Bd1 Bf5 60.Rf6 Rh3+ 61.Kf2 Nd3+ 62.Kg1 Bd7 63.Kg2 e3
64.f5 Nf4+ {#R} 0-1

[Event "Budapest Spring Open 2017"]
[Site "masterchessopen.com Budapest HUN"]
[Date "2017.03.18"]
[Round "1.13"]
[White "Stupak,K"]
[Black "Marosi,Le"]
[Result "1-0"]
[WhiteElo "2561"]
[BlackElo "2287"]
[EventType "swiss"]

1.d4 Nf6 2.g3 g6 3.Bg2 Bg7 4.e4 d6 5.Nc3 O-O 6.Nge2 c6 7.a4 Nbd7 8.h3 e5 9.Be3
Re8 10.O-O Qc7 11.g4 Nb6 12.b3 a5 13.f4 exd4 14.Bxd4 d5 15.e5 Nfd7 16.Ng3 Nf8
17.Qd2 Ne6 18.Bf2 Nd8 19.Nce2 Bd7 20.Rad1 Ra6 21.Nd4 Ne6 22.Nf3 c5 23.Rfe1 Nd8
24.Qc3 Ne6 25.f5 d4 26.Qd2 Nd8 27.Ne4 Nd5 28.c4 Nb4 29.Bg3 Qb6 30.Nd6 Rf8
31.f6 Bh8 32.Qh6 Ne6 33.Ne4 Rd8 34.Nfg5 Nf8 35.Nxf7 Kxf7 36.Ng5+ Ke8 37.Nxh7
{#r} 1-0

[Event "Budapest Spring Open 2017"]
[Site "masterchessopen.com Budapest HUN"]
[Date "2017.03.18"]
[Round "1.15"]
[White "Antal,Ge"]
[Black "Kakabaev,Mergen"]
[Result "1-0"]
[WhiteElo "2547"]
[BlackElo "2283"]
[EventType "swiss"]

1.e4 e5 2.Nc3 Nf6 3.g3 Bc5 4.Bg2 d6 5.Nge2 Nc6 6.d3 a6 7.O-O Be6 8.Nd5 Nd4
9.Nxd4 Bxd4 10.c3 Ba7 11.Bg5 Bxd5 12.exd5 h6 13.Bd2 O-O 14.Qb3 Rb8 15.Rae1 Qd7
16.h3 Nh5 17.Kh2 f5 18.d4 exd4 19.Re6 f4 20.Bf3 fxg3+ 21.fxg3 Qb5 22.Qxb5 axb5
23.Re7 Bb6 24.cxd4 Nf6 25.Bc3 Rbe8 26.Rfe1 Rxe7 27.Rxe7 Re8 28.Rxe8+ Nxe8
29.a3 Nf6 30.Kg2 Kf7 31.Kf2 g5 32.Ke3 Kg6 33.g4 Ng8 34.Kd3 Ne7 35.b3 Kf6
36.Be4 Ng6 37.Bxg6 Kxg6 38.Ke4 Kf6 39.a4 bxa4 40.bxa4 Kg6 41.a5 Ba7 42.Be1 Kf6
43.h4 Kg6 44.h5+ Kf6 45.Bc3 Bb8 46.Kd3 Ba7 47.Kc4 Ke7 48.Kb5 Kd7 49.a6 bxa6+
50.Kxa6 Bb6 51.Kb7 Kd8 52.Kc6 Kc8 53.Bb4 Bxd4 54.Ba5 Kd8 55.Bxc7+ Ke7 56.Bxd6+
Kf7 57.Bc7 Bf6 58.d6 Ke6 59.d7 Be7 60.d8=Q Bxd8 61.Bxd8 Ke5 62.Bxg5 hxg5
63.Kd7 {#r} 1-0

[Event "Budapest Spring Open 2017"]
[Site "masterchessopen.com Budapest HUN"]
[Date "2017.03.18"]
[Round "1.16"]
[White "Balint,Vi"]
[Black "Boruchovsky,A"]
[Result "0-1"]
[WhiteElo "2280"]
[BlackElo "2542"]
[EventType "swiss"]

1.Nf3 Nf6 2.g3 d5 3.Bg2 e6 4.d4 Be7 5.O-O O-O 6.c4 c6 7.Qc2 b6 8.Rd1 Ba6 9.b3
Nbd7 10.Nbd2 b5 11.e4 dxe4 12.Ne5 Nxe5 13.dxe5 Nd7 14.Nxe4 Qc7 15.cxb5 Bxb5
16.Nd6 Ba6 17.Qxc6 Qxc6 18.Bxc6 Nxe5 19.Bxa8 Rxa8 20.Bf4 Nf3+ 21.Kg2 Be2
22.Rdc1 g5 23.Rc7 Bf6 24.Rac1 gxf4 25.Nxf7 Bg7 26.gxf4 Rf8 27.Ng5 Nxg5 28.fxg5
Bf3+ 29.Kg1 Rf5 30.h4 Rf4 31.R1c4 Rf5 32.Rxa7 Rf8 33.Rac7 Bd5 34.Rb4 Be5
35.Rc2 Kg7 36.a4 Rf3 37.Rc8 Rh3 38.f4 Bd6 39.Rd4 Rxb3 40.f5 Rg3+ 41.Kf2 Rf3+
42.Ke2 Rxf5 43.a5 Rf7 44.h5 Be5 45.h6+ Kg6 46.Rg8+ Kf5 47.Ra4 Bc6 48.Rh4 Bb5+
49.Ke3 Rd7 50.g6 Rd3+ 51.Kf2 Bg3+ 52.Kg2 Bc6+ 53.Kf1 Re3 54.Rf8+ Kxg6 55.Rg4+
Kh5 {#R} 0-1

[Event "Budapest Spring Open 2017"]
[Site "masterchessopen.com Budapest HUN"]
[Date "2017.03.18"]
[Round "1.17"]
[White "Sanal,V"]
[Black "Semiev,S"]
[Result "1-0"]
[WhiteElo "2531"]
[BlackElo "2270"]
[EventType "swiss"]

1.Nf3 d5 2.c4 d4 3.e3 c5 4.exd4 cxd4 5.g3 Nc6 6.Bg2 e5 7.O-O Be6 8.d3 f6 9.Re1
Qd7 10.b3 O-O-O 11.Ba3 Bh3 12.Bh1 h5 13.Bxf8 Rxf8 14.Nbd2 g5 15.Ne4 Nh6 16.b4
Nd8 17.c5 Nf5 18.b5 Qxb5 19.Rb1 Qe8 20.Nxd4 exd4 21.Nd6+ Nxd6 22.cxd6 Qd7
23.Re7 Qxd6 24.Qc1+ Nc6 25.Rbxb7 Re8 26.Rec7+ Qxc7 27.Rxc7+ Kxc7 28.Qxc6+ Kd8
29.Qxf6+ Kc7 30.Qc6+ Kd8 31.Qd6+ Kc8 32.Qc5+ Kb8 33.Be4 Rxe4 34.Qd6+ Kb7
35.Qd5+ Kc7 36.Qxe4 Rd8 37.Qe7+ Kc8 38.Qxg5 Re8 39.Qc5+ Kd8 40.Qxd4+ Kc8
41.Qc4+ Kd8 42.Qh4+ {#r} 1-0

[Event "Budapest Spring Open 2017"]
[Site "masterchessopen.com Budapest HUN"]
[Date "2017.03.18"]
[Round "1.18"]
[White "Estrada Nieto,J"]
[Black "Mihok,O"]
[Result "0-1"]
[WhiteElo "2268"]
[BlackElo "2516"]
[EventType "swiss"]

1.e4 c5 2.Nf3 e6 3.c3 d5 4.exd5 Qxd5 5.d4 Nf6 6.Be3 cxd4 7.cxd4 Bb4+ 8.Nc3 O-O
9.Bd3 b6 10.O-O Bxc3 11.bxc3 Ba6 12.Bxa6 Nxa6 13.Qa4 Nb8 14.c4 Qd7 15.Qb3 Nc6
16.Rfd1 Rac8 17.Qd3 h6 18.Qe2 Rfd8 19.Rac1 Qb7 20.Ne5 Nxe5 21.dxe5 Nd7 22.Bf4
Nc5 23.f3 Qa6 24.Be3 Nb7 25.Rxd8+ Rxd8 26.Kf2 Qa5 27.f4 Nc5 28.Bxc5 Rd2 29.Be3
Rxe2+ 30.Kxe2 Qxa2+ 31.Kf3 a5 32.Bxb6 a4 33.Be3 Kf8 34.c5 Ke8 35.c6 Kd8
36.Rd1+ Kc8 37.Rd6 a3 38.g4 Qb3 39.Ke2 a2 40.Bd4 Qc4+ 41.Kf2 Qxd4+ 42.Rxd4
a1=Q 43.Rd6 Qh1 44.Kg3 Qg1+ 45.Kf3 Qxh2 46.Rd7 Qh3+ 47.Kf2 Qxg4 48.Rxf7 Qg6
49.Re7 Qe4 50.Re8+ Kc7 51.Re7+ Kd8 52.c7+ Kc8 {#R} 0-1

[Event "Budapest Spring Open 2017"]
[Site "masterchessopen.com Budapest HUN"]
[Date "2017.03.18"]
[Round "1.19"]
[White "Popovic,Du"]
[Black "Nemeth,Zo"]
[Result "1-0"]
[WhiteElo "2515"]
[BlackElo "2267"]
[EventType "swiss"]

1.e4 e5 2.Nc3 Nc6 3.g3 g6 4.Bg2 Bg7 5.d3 d6 6.Nge2 Nge7 7.O-O Be6 8.Nd5 h6
9.c3 O-O 10.Be3 Kh7 11.f4 Bg4 12.f5 Nxd5 13.exd5 Ne7 14.f6 Bxf6 15.Rxf6 Nxd5
16.Rxf7+ Rxf7 17.Bxd5 Rf6 18.Qd2 c6 19.Bg2 Qd7 20.c4 Bxe2 21.Qxe2 d5 22.cxd5
cxd5 23.Rc1 Raf8 24.Rc5 Rd6 25.Bd2 b6 26.Rc1 Re8 27.Qe3 Qg7 28.h4 h5 29.Kh2
Kg8 30.Bb4 Rd7 31.Rc6 Kh7 32.Qg5 Qh6 33.Qf6 Qg7 34.Qg5 Qh6 35.Qf6 Qg7 36.Qf2
Rf7 37.Qe1 Rd7 38.Bc3 Kh8 39.Rc8 Re7 40.Rxe8+ Rxe8 41.Bxd5 Kh7 42.Qe2 Qf6
43.Kg2 Re7 44.Qf3 Kg7 45.Qxf6+ Kxf6 46.Kf3 Kf5 47.Be4+ Kf6 48.d4 exd4 49.Bxd4+
Kf7 50.Kf4 Rd7 51.Bc3 Rd6 52.Kg5 a5 53.Be5 {#r} 1-0

[Event "Budapest Spring Open 2017"]
[Site "masterchessopen.com Budapest HUN"]
[Date "2017.03.18"]
[Round "1.20"]
[White "Stetsko,L"]
[Black "Atabayev,M"]
[Result "0-1"]
[WhiteElo "2265"]
[BlackElo "2512"]
[EventType "swiss"]

1.e4 c5 2.Nf3 e6 3.d4 cxd4 4.Nxd4 Nc6 5.Nc3 Qc7 6.f4 a6 7.Nxc6 Qxc6 8.Bd3 b5
9.Qe2 Bb7 10.Bd2 Bc5 11.O-O-O Ne7 12.a3 O-O-O 13.Kb1 f6 14.Na2 d5 15.exd5 Nxd5
16.Rhe1 Nc7 17.g3 Qf3 18.Qxf3 Bxf3 19.Rc1 Bb6 20.Be3 Kb7 21.Bf1 Rhe8 22.c4 e5
23.fxe5 Rxe5 24.Bxb6 Kxb6 25.Rxe5 fxe5 26.Nc3 e4 27.Re1 bxc4 28.Bxc4 Kc5
29.Bf1 Kd4 30.Bg2 Rf8 31.Bf1 e3 32.Kc2 Bh5 33.Be2 Bg6+ 34.Kd1 Rf2 35.h4 Nb5
36.Na2 a5 37.Nc1 a4 38.Na2 Nd6 39.Nc3 Ne4 40.Nxa4 Nxg3 41.Nc3 Nxe2 42.Nxe2+
Kd3 {#R} 0-1

[Event "Budapest Spring Open 2017"]
[Site "masterchessopen.com Budapest HUN"]
[Date "2017.03.18"]
[Round "1.21"]
[White "Mikhalevski,V"]
[Black "Bohus,Adam"]
[Result "1-0"]
[WhiteElo "2511"]
[BlackElo "2263"]
[EventType "swiss"]

1.Nf3 d5 2.g3 Nf6 3.Bg2 c6 4.O-O Bf5 5.c4 e6 6.Qb3 Qb6 7.d3 Nbd7 8.Qc2 Be7
9.Nh4 Bg4 10.h3 Bh5 11.g4 Ng8 12.cxd5 cxd5 13.Be3 Qc6 14.Qb3 Bxh4 15.Rc1 Qd6
16.gxh5 Ne7 17.Na3 a6 18.Qa4 Bf6 19.Nb5 axb5 20.Qxa8+ Qb8 21.Qxb8+ Nxb8 22.Rc7
Bxb2 23.Rb1 {#r} 1-0

[Event "Budapest Spring Open 2017"]
[Site "masterchessopen.com Budapest HUN"]
[Date "2017.03.18"]
[Round "1.22"]
[White "Primbetov,K"]
[Black "Golubov,Saveliy"]
[Result "1-0"]
[WhiteElo "2258"]
[BlackElo "2506"]
[EventType "swiss"]

1.e4 g6 2.d4 Bg7 3.Nc3 a6 4.g3 b5 5.Bg2 Bb7 6.Nge2 d6 7.O-O Nd7 8.a4 b4 9.Nd5
a5 10.c3 e6 11.Ne3 Ne7 12.cxb4 axb4 13.b3 O-O 14.Bb2 e5 15.Qd2 Ba6 16.Rfd1 Nc6
17.dxe5 Nc5 18.Nc1 dxe5 19.Qc2 Qe7 20.Rd5 Nd4 21.Qxc5 Qe6 22.Qxc7 Rfc8 23.Qd7
Qb6 24.Rd6 Qa5 25.Rd5 Qb6 26.Qd6 Rc6 27.a5 Qb7 28.Qd7 Rc7 29.Qg4 Qc6 30.Qd1
Nc2 31.Rd8+ Rxd8 32.Qxd8+ Bf8 33.Nd5 Rd7 34.Qxd7 {#r} 1-0

[Event "Budapest Spring Open 2017"]
[Site "masterchessopen.com Budapest HUN"]
[Date "2017.03.18"]
[Round "1.23"]
[White "Kovacevic,Bl"]
[Black "Horvath,Dominik"]
[Result "1-0"]
[WhiteElo "2505"]
[BlackElo "2254"]
[EventType "swiss"]

1.d4 d5 2.Bg5 Nf6 3.e3 c5 4.Bxf6 gxf6 5.dxc5 Nc6 6.Nf3 e6 7.c4 dxc4 8.Nbd2 c3
9.bxc3 Bxc5 10.Nd4 Bd7 11.Rb1 e5 12.Qh5 Qe7 13.Nf5 Bxf5 14.Qxf5 Rg8 15.Ne4 Rg6
16.h4 Bb6 17.h5 Rh6 18.Rd1 Rd8 19.Rxd8+ Kxd8 20.Bc4 Qd7 21.Qxd7+ Kxd7 22.g4
Ne7 23.Bxf7 f5 24.g5 Rc6 25.Nf6+ Kc7 26.c4 h6 27.Nd5+ Kd8 28.Ke2 Nxd5 29.Bxd5
Rc7 30.Rg1 Rh7 31.g6 Rg7 32.Bxb7 {#r} 1-0

[Event "Budapest Spring Open 2017"]
[Site "masterchessopen.com Budapest HUN"]
[Date "2017.03.18"]
[Round "1.24"]
[White "Terbe,J"]
[Black "Kovalev,An"]
[Result "0-1"]
[WhiteElo "2252"]
[BlackElo "2504"]
[EventType "swiss"]

1.e4 c5 2.c3 d6 3.d4 Nf6 4.Bd3 Nc6 5.Nf3 e5 6.h3 cxd4 7.cxd4 exd4 8.O-O Be7
9.Nbd2 O-O 10.Nb3 Qb6 11.Bb1 Rd8 12.Nfxd4 d5 13.Nxc6 bxc6 14.e5 Ne4 15.Qf3 c5
16.Bxe4 dxe4 17.Qxe4 Ba6 18.Re1 Bd3 19.Qg4 a5 20.Nd2 Qb4 21.a3 Qxg4 22.hxg4
Rd4 23.f3 Bh4 24.Re3 Rad8 25.Nb3 R4d5 26.Nxa5 Bb5 27.Kh2 Bf2 28.Re4 Rd1 29.Bg5
Rxa1 30.Bxd8 Rd1 31.Bc7 Rd2 32.Nc4 Rc2 33.Nd6 Bc6 34.Rc4 Rxb2 35.Nf5 Bb5
36.Rc1 g6 37.Ne7+ Kg7 38.Bd6 Be3 39.Re1 Bd2 40.Ra1 c4 41.a4 Ba6 42.e6 Kf6
43.exf7 Kxf7 44.Ba3 Rb3 45.Nc6 Bc3 46.Ra2 g5 47.Bc1 Rb6 48.Nd8+ Kf6 49.g3 h6
50.f4 Rd6 51.fxg5+ hxg5 52.Bxg5+ Kg6 53.Be7 Rd1 54.g5 Bd2 55.Kg2 c3 56.Bb4 Bc4
57.Rc2 Bb3 {#R} 0-1

[Event "Budapest Spring Open 2017"]
[Site "masterchessopen.com Budapest HUN"]
[Date "2017.03.18"]
[Round "1.27"]
[White "Fernandez,Dan SIN"]
[Black "Molnar,Erno"]
[Result "1-0"]
[WhiteElo "2481"]
[BlackElo "2242"]
[EventType "swiss"]

1.d4 Nf6 2.Nf3 g6 3.Nc3 d5 4.Bf4 Bg7 5.e3 O-O 6.Be2 c5 7.O-O Nc6 8.Ne5 Bf5
9.Na4 cxd4 10.exd4 Rc8 11.c3 Ne4 12.Nxc6 Rxc6 13.Bb5 Rc8 14.Bd3 Qd7 15.f3 Ng3
16.Nb6 axb6 17.Bxg3 Bxd3 18.Qxd3 b5 19.a3 Qc6 20.Qe3 Rfe8 21.Rfe1 Qc4 22.Rad1
Rc6 23.Qd2 Qb3 24.Bf4 e6 25.Re2 Ra8 26.Rde1 b4 27.axb4 Ra2 28.g4 h6 29.Kg2 Kh7
30.h4 Rc8 31.Rf2 Bf8 32.Be5 Be7 33.Kh3 Bf8 34.Qf4 Bg7 35.Qxf7 Rg8 36.h5 {#r}
1-0

[Event "Budapest Spring Open 2017"]
[Site "masterchessopen.com Budapest HUN"]
[Date "2017.03.18"]
[Round "1.28"]
[White "Vegh,E"]
[Black "Kantor,G"]
[Result "0-1"]
[WhiteElo "2232"]
[BlackElo "2479"]
[EventType "swiss"]

1.d4 Nf6 2.c4 e6 3.Nc3 Bb4 4.Qc2 O-O 5.Nf3 c5 6.dxc5 Na6 7.g3 Nxc5 8.Bg2 Nce4
9.O-O Bxc3 10.bxc3 Qc7 11.Nd4 d5 12.cxd5 exd5 13.Ba3 Re8 14.Rac1 Bd7 15.f3 Nd6
16.Bxd6 Qxd6 17.Rfd1 Rac8 18.Kh1 h5 19.Qb3 h4 20.Qb4 Qe5 21.gxh4 Qf4 22.Nc6
Qe3 23.Nd4 Re5 24.Qd6 Rce8 25.Rg1 Qh6 26.Rcf1 Qxh4 27.Rb1 Rh5 28.Bf1 Ree5
29.Rg2 Bh3 30.Rf2 Qxf2 31.Bxh3 Qh4 {#R} 0-1

[Event "Budapest Spring Open 2017"]
[Site "masterchessopen.com Budapest HUN"]
[Date "2017.03.18"]
[Round "1.29"]
[White "Horvath,Ad1"]
[Black "Ghadiri,R"]
[Result "1-0"]
[WhiteElo "2478"]
[BlackElo "2227"]
[EventType "swiss"]

1.e4 e6 2.d4 d5 3.Nd2 Nf6 4.e5 Nfd7 5.Bd3 c5 6.c3 Nc6 7.Ne2 cxd4 8.cxd4 f6
9.exf6 Nxf6 10.Nf3 Bd6 11.O-O O-O 12.Bf4 Bxf4 13.Nxf4 Ne4 14.Qc1 Ng5 15.Nxg5
Qxg5 16.Bxh7+ Kxh7 17.Nxe6 Qf5 18.Nxf8+ Qxf8 19.Qd2 Qf6 20.Rad1 Bd7 21.Rfe1
Rf8 22.f3 Qg6 23.Re3 Rf4 24.Rd3 Rh4 25.Qf2 Rf4 26.a3 Qf6 27.b4 Bf5 28.R3d2 Be4
29.Qe3 Bg6 30.Qc3 a6 31.Qc5 Qe6 32.Kf2 Be4 33.Re2 Qf6 34.Kg1 Bg6 35.Red2 Qe6
36.Qc3 Qf6 37.a4 Ne7 38.Qc7 Nc6 39.Qxb7 Rxd4 40.Qxa6 Rxd2 41.Rxd2 Qa1+ 42.Qf1
Qxf1+ 43.Kxf1 Nxb4 44.a5 Bf5 45.Rd4 Nc2 46.a6 Bc8 47.Ra4 Ne3+ 48.Kf2 Nd1+
49.Kg3 {#r} 1-0

[Event "Budapest Spring Open 2017"]
[Site "masterchessopen.com Budapest HUN"]
[Date "2017.03.18"]
[Round "1.30"]
[White "Jusup,M"]
[Black "Lemos,D"]
[Result "1-0"]
[WhiteElo "2226"]
[BlackElo "2471"]
[EventType "swiss"]

1.d4 Nf6 2.Nf3 g6 3.Bg5 Bg7 4.Nbd2 O-O 5.e4 d6 6.c3 c5 7.dxc5 dxc5 8.Qc2 Nc6
9.Be2 Qc7 10.Bh4 Nh5 11.Bg3 Nf4 12.Bxf4 Qxf4 13.O-O b6 14.Rfe1 Bb7 15.g3 Qc7
16.Rad1 Na5 17.Nc4 Nxc4 18.Bxc4 e6 19.Qa4 Rad8 20.Ba6 Ba8 21.Nd2 Rd6 22.Nc4
Rxd1 23.Rxd1 Rd8 24.Rxd8+ Qxd8 25.Ne3 h5 26.Bf1 Bh6 27.Bg2 Bxe3 28.fxe3 Kg7
29.Qc2 h4 30.Qe2 Qg5 31.Kf2 Bc6 32.Qd3 Qe5 33.Qc2 h3 34.Bxh3 Bxe4 35.Qe2 Bd5
36.c4 Be4 37.Bg2 Bb1 38.a3 g5 39.Ke1 Bf5 40.Qd2 f6 {#r} 1-0

[Event "Budapest Spring Open 2017"]
[Site "masterchessopen.com Budapest HUN"]
[Date "2017.03.18"]
[Round "1.33"]
[White "Reshef,O"]
[Black "Lyell,M"]
[Result "1-0"]
[WhiteElo "2466"]
[BlackElo "2224"]
[EventType "swiss"]

1.e4 e6 2.d4 d5 3.Nd2 Be7 4.Ngf3 Nf6 5.e5 Nfd7 6.Bd3 c5 7.c3 b6 8.O-O Ba6
9.Bxa6 Nxa6 10.Qe2 Nc7 11.Re1 b5 12.dxc5 Nxc5 13.Nd4 Qd7 14.N2b3 a5 15.Be3
Nxb3 16.axb3 O-O 17.Qg4 Rfc8 18.Bh6 Ne8 19.Re3 g6 20.h4 Ng7 21.Bxg7 h5 22.Qf4
Kxg7 23.Rf3 Bd8 24.Nxb5 Rab8 25.Nd6 Rc7 26.Rxa5 Rxb3 27.Ra8 Rxb2 28.Rxd8 Qxd8
29.Nxf7 g5 30.Nxd8 {#r} 1-0